Windows thật là giản dị nhưng tôi ghét Windows

Những điều cơ bản. Quản lý các tập tin. Quản lý các chương trình. Dò tìm lỗi. Chuyện tạp nhạp chưa ghép vào nơi nào khác.

Sparad:
Bibliografiska uppgifter
Huvudupphovsman: Phạm, Phương Hoa (Tác giả)
Materialtyp: Bok
Språk:Vietnamese
Publicerad: H. Nxb Thống kê 1996
Serie:Tủ sách khoa học kỹ thuật năm 2001
Ämnen:
Taggar: Lägg till en tagg
Inga taggar, Lägg till första taggen!
Thư viện lưu trữ: Mạng thư viện Đại học Đà Nẵng
LEADER 01323nam a2200361 4500
001 000012887
003 9211
005 20120302140321.0
008 120302s1996 viesd
020 |c 34000đ 
041 0 |a vie 
082 |a 005.4  |b WIN 
100 0 |a Phạm, Phương Hoa  |e Tác giả 
245 0 |a Windows thật là giản dị nhưng tôi ghét Windows  |c Phạm Phương Hoa (Tg), Phạm Quang Huy (Hiệu đính) 
260 |a H.  |b Nxb Thống kê  |c 1996 
300 |a 479 tr.  |c 21 cm 
490 |a Tủ sách khoa học kỹ thuật năm 2001 
520 |a Những điều cơ bản. Quản lý các tập tin. Quản lý các chương trình. Dò tìm lỗi. Chuyện tạp nhạp chưa ghép vào nơi nào khác. 
653 |a Windows 
653 |a Quản lý 
653 |a Tập tin 
653 |a Tin học 
910 |a Duyên  |d 02/03/2012 
OWN |a LSP 
AVA |a UDN50  |b LSP  |d 005.4 WIN  |e available  |t Error 5001 Not defined in file expand_doc_bib_avail.  |f 1  |g 0  |h N  |i 0  |k 1 
999 |a From the UDN01 
AVA |a UDN50  |b LSP  |d 005.4 WIN  |e available  |t Error 5001 Not defined in file expand_doc_bib_avail.  |f 1  |g 0  |h N  |i 0  |k 1 
TYP |a Monograph 
TYP |a Printed language 
980 |a Mạng thư viện Đại học Đà Nẵng